Cai Kangyong de qing shang ke : (Record no. 183199)

MARC details
000 -LEADER
fixed length control field 01216nam a2200313 i 4500
003 - CONTROL NUMBER IDENTIFIER
control field OSt
005 - DATE AND TIME OF LATEST TRANSACTION
control field 20210404154236.0
008 - FIXED-LENGTH DATA ELEMENTS--GENERAL INFORMATION
fixed length control field 210404s2019 cc a e 00| 0 chi d
020 ## - INTERNATIONAL STANDARD BOOK NUMBER
International Standard Book Number 9787540493691
Terms of availability RM51.50
Qualifying information paperback
040 ## - CATALOGING SOURCE
Original cataloging agency PPAK
Language of cataloging eng
Transcribing agency PPAK
Description conventions rda
082 04 - DEWEY DECIMAL CLASSIFICATION NUMBER
Edition number 23
Classification number 158.1
090 00 - LOCALLY ASSIGNED LC-TYPE CALL NUMBER (OCLC); LOCAL CALL NUMBER (RLIN)
Classification number (OCLC) (R) ; Classification number, CALL (RLIN) (NR) 158.1
Feature heading CAI
Feature heading G
100 1# - MAIN ENTRY--PERSONAL NAME
Linkage 880-01
Personal name Cai, Kangyong,
Dates associated with a name 1962-
Relator term author.
245 10 - TITLE STATEMENT
Linkage 880-02
Title Cai Kangyong de qing shang ke :
Remainder of title 2 Yin wei zhe shi ni de ren sheng /
Statement of responsibility, etc. Cai Kangyong zhu.
250 ## - EDITION STATEMENT
Edition statement Di 1 ban
264 #1 - PRODUCTION, PUBLICATION, DISTRIBUTION, MANUFACTURE, AND COPYRIGHT NOTICE
Place of production, publication, distribution, manufacture Changsha, China :
Name of producer, publisher, distributor, manufacturer Hunan Literature and Art Publishing House,
Date of production, publication, distribution, manufacture, or copyright notice 2019
300 ## - PHYSICAL DESCRIPTION
Extent 286 pages :
Other physical details colour illustrations ;
Dimensions 21 cm
336 ## - CONTENT TYPE
Source rdacontent
Content type term text
337 ## - MEDIA TYPE
Source rdamedia
Media type term unmediated
338 ## - CARRIER TYPE
Source rdacarrier
Carrier type term volume
520 ## - SUMMARY, ETC.
Summary, etc. This book tells the way of interpersonal relationships, expressing profound truths in gentle language and humorous stories, and makes you a master of interpersonal relations with ease.
650 10 - SUBJECT ADDED ENTRY--TOPICAL TERM
Topical term or geographic name entry element Emotional intelligence
Topical term or geographic name entry element Conduct of life
Topical term or geographic name entry element Life
Topical term or geographic name entry element Emotions
880 1# - ALTERNATE GRAPHIC REPRESENTATION
Linkage 100-01
a 蔡康永,
e 作者.
Linkage 245-02
a 蔡康永的情商课. :
b 2, 因为这是你的人生 /
c 蔡康永
942 ## - ADDED ENTRY ELEMENTS (KOHA)
Source of classification or shelving scheme Dewey Decimal Classification
Koha item type Book
Holdings
Withdrawn Not for loan Current library Shelving location Date acquired Total Checkouts Total Renewals Full call number Barcode Checked out Date last seen Date last checked out Koha item type
    Perpustakaan Alor Setar Pinjaman Dewasa 27/04/2021 3 1 158.1 CAI A01687704 08/08/2022 18/07/2022 18/07/2022 Book
    Perpustakaan Awam Sungai Petani Pinjaman Dewasa 27/04/2021 7 2 158.1 CAI A01687705 03/09/2025 13/08/2025 13/08/2025 Book